Anuario estadístico 1984

Salvato in:
Dettagli Bibliografici
Ente Autore: Consejo de Rectores Universidades Chilenas (Autore)
Natura: Libro
Lingua:spagnolo
Pubblicazione: Santiago Consejo de Rectores Universidades Chilenas 1984
Soggetti:
Tags: Aggiungi Tag
Nessun Tag, puoi essere il primo ad aggiungerne!!

MARC

LEADER 00000cam a2200000 a 4500
001 UCG1695
003 CL-VaPUC
008 100513e19840000CL |||||||||||||||||spa|d
082 0 4 |a 378.83  |b CON  |2 21 
110 2 |a Consejo de Rectores Universidades Chilenas  |e author  |9 549663 
245 1 0 |a Anuario estadístico 1984 
300 |a 307 p 
942 |c BK 
945 |d 20100513 00:00:00  |a dcastane 
260 |a Santiago  |b Consejo de Rectores Universidades Chilenas  |c 1984 
650 0 |a Anuarios  |9 258977 
650 0 |a Educación superior   |9 223851 
650 0 |a Estadísticas educacionales  |9 331921 
650 0 |a Datos estadísticos  |9 329380 
650 0 |a Universidades  |9 256317 
651 7 |a CHILE  |2 CL-VaPUC  |9 549664 
583 |a last modification  |c 20160404 11:23:35  |k Rodrigo Vera 
999 |c 340969  |d 340967 
952 |0 0  |1 0  |3 erb  |4 0  |6 378_830000000000000_CON_1984  |7 0  |8 ED_SUP  |9 436148  |a BIBGIM  |b BIBGIM  |c S_PSTGRDO  |i 4672488  |o 378.83 CON 1984  |p 4672488  |r 2025-01-15  |w 2019-11-22  |y BK  |z Catalogado en:20160303  |k ESU